Statistics for Countries that border Indonesia in 30 seconds

Click here to take the quiz!

General Stats

  • This quiz has been taken 15 times
  • The average score is 3 of 6

Answer Stats

HintAnswer% Correct
814kmPapua New Guinea
88%
1,881kmMalaysia
75%
3kmBrunei
38%
1,162kmPhilippines
25%
268kmTimor Leste
25%
46kmSingapore
0%

Score Distribution

Percentile by Number Answered

Percent of People with Each Score

Your Score History

You have not taken this quiz